Ending the fossil fuel era / (ระเบียนเลขที่ 75256)
| 000 -LEADER | |
|---|---|
| fixed length control field | 00864nam a22002657a 4500 |
| 005 - DATE AND TIME OF LATEST TRANSACTION | |
| control field | 20210325213913.0 |
| 008 - FIXED-LENGTH DATA ELEMENTS--GENERAL INFORMATION | |
| fixed length control field | s2015 eng d |
| 020 ## - INTERNATIONAL STANDARD BOOK NUMBER | |
| International Standard Book Number | 9780262527330 |
| 040 ## - CATALOGING SOURCE | |
| Original cataloging agency | NALT |
| 041 ## - LANGUAGE CODE | |
| Language code of text/sound track or separate title | eng |
| 050 ## - LIBRARY OF CONGRESS CALL NUMBER | |
| Classification number | TP 318 |
| Item number | E54 2015 |
| 245 00 - TITLE STATEMENT | |
| Title | Ending the fossil fuel era / |
| Statement of responsibility, etc. | edited by Thomas Princen, Jack P. Manno, and Pamela L. Martin. |
| 260 ## - PUBLICATION, DISTRIBUTION, ETC. | |
| Place of publication, distribution, etc. | London : |
| Name of publisher, distributor, etc. | The MIT Press, |
| Date of publication, distribution, etc. | 2015. |
| 300 ## - PHYSICAL DESCRIPTION | |
| Extent | 374 p. : |
| Other physical details | ill., tables ; |
| Dimensions | 23 cm. |
| 650 #0 - SUBJECT ADDED ENTRY--TOPICAL TERM | |
| Topical term or geographic name entry element | Environmental degradation |
| 9 (RLIN) | 20827 |
| 650 #0 - SUBJECT ADDED ENTRY--TOPICAL TERM | |
| Topical term or geographic name entry element | Energy |
| 9 (RLIN) | 20828 |
| General subdivision | Government policy |
| 650 #0 - SUBJECT ADDED ENTRY--TOPICAL TERM | |
| Topical term or geographic name entry element | Energy security |
| 9 (RLIN) | 20829 |
| 650 #0 - SUBJECT ADDED ENTRY--TOPICAL TERM | |
| Topical term or geographic name entry element | Fossil fuels |
| 9 (RLIN) | 20830 |
| 700 1# - ADDED ENTRY--PERSONAL NAME | |
| 9 (RLIN) | 20831 |
| Personal name | Princen, Thomas |
| 700 1# - ADDED ENTRY--PERSONAL NAME | |
| 9 (RLIN) | 20832 |
| Personal name | Manno, Jack |
| 700 1# - ADDED ENTRY--PERSONAL NAME | |
| 9 (RLIN) | 20833 |
| Personal name | Martin, Pamela |
| 850 ## - HOLDING INSTITUTION | |
| Holding institution | NALT |
| 942 ## - ADDED ENTRY ELEMENTS (KOHA) | |
| Koha item type | General Book |
| Source of classification or shelving scheme | Library of Congress Classification |
| Withdrawn status | Lost status | Source of classification or shelving scheme | Damaged status | Not for loan | Collection code | Home library | Current library | Source of acquisition | Cost, normal purchase price | Total Checkouts | Full call number | Barcode | Date last seen | Cost, replacement price | Price effective from | Koha item type |
|---|---|---|---|---|---|---|---|---|---|---|---|---|---|---|---|---|
| Local Classification | General Book collection | National Assembly Library of Thailand | National Assembly Library of Thailand | จัดซื้อทรัพยากร | 1260.00 | TP 318 E54 2015 | 3961203442 | 09/06/2017 | 1310.00 | 09/06/2017 | General Book |
